Capitals of dead nations - Statistics

General Stats
  • This quiz has been taken 38 times
  • The average score is 13 of 21
Answer Stats
Nation Capital % Correct
Scotland Edinburgh
96%
Ottoman Empire Istanbul
96%
Soviet Union Moscow
96%
Bavaria Munich
96%
Czechoslovakia Prague
96%
Texas Austin
92%
Prussia Berlin
88%
Yugoslavia Belgrade
85%
Tuscany Florence
81%
Saxony Dresden
69%
Sardinia-Piedmont Turin
58%
Umayyad Caliphate Damascus
54%
Mamluks Cairo
46%
Frankish Empire Aachen
42%
Confederate States Richmond
42%
Poland Lithuania Krakow
31%
Burgundy Dijon
27%
Achaemenid Persia Persepolis
23%
Safavid Persia Tabriz
19%
Assyrian Empire Nineveh
15%
Mongol Empire Qaraqorom
8%
No matching quizzes found
Score Distribution
Percent of People with Each Score
Percentile by Number Answered
Your Score History
You have not taken this quiz